|
|
|
|
| LEADER |
00000nab a2200000 a 4500 |
| 001 |
vtls000892025 |
| 003 |
SK-MaSNL |
| 005 |
20260305035346.0 |
| 008 |
040720e19940902xo 0 slo |
| 035 |
|
|
|a KE1064
|
| 040 |
|
|
|a KEVKJB
|b slo
|c KEVKJB
|e AACR2
|
| 041 |
0 |
|
|a slo
|
| 044 |
|
|
|a xo
|c SK
|
| 080 |
|
|
|a 069.02
|2 1981
|
| 100 |
1 |
|
|a Duchoň, Jozef
|4 aut
|9 317656
|
| 245 |
1 |
0 |
|a Zatiaľ iba po maďarsky
|b Sprievodca po Rodošte konečne na svete
|c Jozef Duchoň
|
| 600 |
0 |
7 |
|a František
|b II. Rákoci,
|c sedmohradské knieža,
|d 1676-1735
|2 KEVKJB
|9 160695
|
| 610 |
2 |
7 |
|a Východoslovenské múzeum
|2 KEVKJB
|9 29561
|
| 610 |
2 |
7 |
|a Pamätný dom Františka II. Rákocziho (Košice, Slovensko)
|2 KEVKJB
|9 180856
|
| 650 |
0 |
7 |
|a významné domy
|2 KEVKJB
|9 121884
|
| 651 |
|
7 |
|a Košice (Slovensko)
|2 KEVKJB
|9 18694
|
| 655 |
|
7 |
|a katalógy múzejných zbierok
|2 SNKPH
|9 301813
|
| 773 |
0 |
|
|t Košický večer
|g Roč. 5
|g Roč. 28, č. 169 (2.9.1994), s. 7
|
| 852 |
|
|
|a ZVYKNI
|b KIS3GCP
|
| 999 |
|
|
|c 3333511
|d 3335441
|